B45_東京から見て北北東にある市区町村 - Statistics

General Stats
  • This quiz has been taken 7 times
  • The average score is 155 of 263
Answer Stats
東京
からの
方位角
東京
からの
距離
都道府県 種類 市区町村名 % Correct
18.5 3.8 東京都 特別区 豊島区
100%
22.7 7.1 東京都 特別区 北区
100%
31.5 26.3 埼玉県 吉川市
80%
18.5 100.0 栃木県 芳賀町
80%
13.7 107.1 栃木県 高根沢町
80%
20.5 114.2 栃木県 那須烏山市
80%
12.2 144.0 栃木県 那須塩原市
80%
14.2 151.8 栃木県 那須町
80%
24.1 153.8 福島県 塙町
80%
18.5 186.6 福島県 須賀川市
80%
17.0 198.3 福島県 郡山市
80%
17.0 219.7 福島県 二本松市
80%
29.8 231.1 福島県 浪江町
80%
16.5 239.5 福島県 福島市
80%
27.0 243.5 福島県 南相馬市
80%
17.8 248.0 福島県 伊達市
80%
16.7 250.6 福島県 桑折町
80%
24.6 257.4 福島県 相馬市
80%
20.7 263.7 宮城県 丸森町
80%
17.4 268.9 宮城県 白石市
80%
17.4 280.1 宮城県 蔵王町
80%
20.7 294.6 宮城県 名取市
80%
19.6 303.9 宮城県 仙台市
80%
21.5 310.9 宮城県 多賀城市
80%
21.6 313.6 宮城県 塩竈市
80%
20.8 313.7 宮城県 利府町
80%
21.7 321.9 宮城県 松島町
80%
17.4 335.4 宮城県 加美町
80%
24.6 335.8 宮城県 石巻市
80%
18.8 338.8 宮城県 大崎市
80%
26.3 342.3 宮城県 女川町
80%
11.8 347.7 山形県 最上町
80%
18.8 356.7 宮城県 栗原市
80%
18.9 381.2 岩手県 一関市
80%
24.3 393.2 宮城県 気仙沼市
80%
24.3 406.8 岩手県 陸前高田市
80%
16.5 428.7 岩手県 花巻市
80%
25.2 441.9 岩手県 釜石市
80%
13.8 458.2 岩手県 雫石町
80%
15.6 462.9 岩手県 盛岡市
80%
13.9 488.2 岩手県 八幡平市
80%
15.2 493.1 岩手県 岩手町
80%
19.4 531.3 岩手県 久慈市
80%
15.8 557.2 青森県 八戸市
80%
13.1 561.6 青森県 十和田市
80%
14.3 572.7 青森県 三沢市
80%
12.2 613.2 青森県 横浜町
80%
11.3 634.8 青森県 むつ市
80%
16.5 773.1 北海道 新ひだか町
80%
14.5 780.7 北海道 日高町
80%
13.4 787.6 北海道 むかわ町
80%
11.4 787.8 北海道 苫小牧市
80%
15.2 841.5 北海道 占冠村
80%
11.4 851.7 北海道 岩見沢市
80%
19.5 857.1 北海道 帯広市
80%
15.7 865.1 北海道 南富良野町
80%
11.6 868.0 北海道 美唄市
80%
11.6 886.3 北海道 砂川市
80%
14.4 887.4 北海道 中富良野町
80%
11.5 893.3 北海道 滝川市
80%
14.5 893.7 北海道 上富良野町
80%
25.0 904.0 北海道 釧路市
80%
14.3 907.9 北海道 美瑛町
80%
25.4 908.3 北海道 釧路町
80%
12.0 913.9 北海道 深川市
80%
13.4 925.3 北海道 旭川市
80%
15.2 942.4 北海道 上川町
80%
25.0 943.6 北海道 標茶町
80%
23.8 956.2 北海道 弟子屈町
80%
29.0 986.5 北海道 根室市
80%
12.9 990.1 北海道 名寄市
80%
21.5 1003.2 北海道 網走市
80%
11.4 1026.1 北海道 音威子府村
80%
32.2 17.3 埼玉県 草加市
60%
19.9 23.2 埼玉県 越谷市
60%
21.4 27.6 埼玉県 松伏町
60%
28.1 32.9 千葉県 野田市
60%
23.0 42.7 茨城県 坂東市
60%
17.3 56.7 茨城県 八千代町
60%
12.9 67.8 茨城県 結城市
60%
20.1 72.3 茨城県 筑西市
60%
26.3 78.5 茨城県 桜川市
60%
12.6 84.8 栃木県 上三川町
60%
18.5 87.4 栃木県 真岡市
60%
20.7 100.8 栃木県 市貝町
60%
25.0 102.7 栃木県 茂木町
60%
12.1 112.5 栃木県 さくら市
60%
19.9 123.1 栃木県 那珂川町
60%
26.3 132.8 茨城県 大子町
60%
12.0 133.6 栃木県 大田原市
60%
26.2 145.8 福島県 矢祭町
60%
15.8 165.3 福島県 白河市
60%
14.0 165.7 福島県 西郷村
60%
25.6 166.2 福島県 鮫川村
60%
19.6 171.5 福島県 中島村
60%
22.1 175.5 福島県 石川町
60%
18.6 176.7 福島県 矢吹町
60%
18.2 182.3 福島県 鏡石町
60%
19.8 206.3 福島県 三春町
60%
21.7 209.0 福島県 田村市
60%
32.1 217.4 福島県 富岡町
60%
30.6 218.4 福島県 大熊町
60%
30.5 227.4 福島県 双葉町
60%
17.1 253.7 福島県 国見町
60%
14.2 263.5 宮城県 七ヶ宿町
60%
23.8 265.4 福島県 新地町
60%
20.5 271.0 宮城県 角田市
60%
22.2 272.7 宮城県 山元町
60%
19.0 277.0 宮城県 大河原町
60%
21.4 280.7 宮城県 亘理町
60%
18.3 284.0 宮城県 村田町
60%
20.9 287.0 宮城県 岩沼市
60%
16.6 288.1 宮城県 川崎町
60%
11.3 302.1 山形県 天童市
60%
22.2 313.8 宮城県 七ヶ浜町
60%
19.1 318.5 宮城県 富谷市
60%
18.7 322.1 宮城県 大和町
60%
18.4 325.1 宮城県 大衡村
60%
23.4 331.5 宮城県 東松島市
60%
17.5 332.8 宮城県 色麻町
60%
20.4 338.4 宮城県 美里町
60%
24.7 366.4 宮城県 南三陸町
60%
18.5 386.2 岩手県 平泉町
60%
11.9 395.8 秋田県 東成瀬村
60%
17.9 403.5 岩手県 奥州市
60%
17.4 408.3 岩手県 金ケ崎町
60%
24.7 415.8 岩手県 大船渡市
60%
16.9 417.8 岩手県 北上市
60%
21.3 434.8 岩手県 遠野市
60%
16.2 447.2 岩手県 紫波町
60%
24.9 450.6 岩手県 大槌町
60%
15.9 452.4 岩手県 矢巾町
60%
24.7 463.4 岩手県 山田町
60%
14.7 464.5 岩手県 滝沢市
60%
23.6 480.5 岩手県 宮古市
60%
21.2 496.1 岩手県 岩泉町
60%
21.6 508.0 岩手県 田野畑村
60%
21.2 515.6 岩手県 普代村
60%
15.1 520.7 岩手県 一戸町
60%
16.2 523.6 岩手県 九戸村
60%
20.1 524.2 岩手県 野田村
60%
15.0 527.2 岩手県 二戸市
60%
16.2 536.8 岩手県 軽米町
60%
14.2 537.6 青森県 三戸町
60%
18.1 552.3 岩手県 洋野町
60%
17.1 554.3 青森県 階上町
60%
14.2 555.0 青森県 五戸町
60%
14.1 563.8 青森県 六戸町
60%
14.7 564.3 青森県 おいらせ町
60%
12.4 574.9 青森県 七戸町
60%
13.2 575.1 青森県 東北町
60%
11.8 587.3 青森県 野辺地町
60%
13.5 603.3 青森県 六ヶ所村
60%
22.0 762.7 北海道 えりも町
60%
19.3 766.2 北海道 浦河町
60%
20.4 767.1 北海道 様似町
60%
16.2 774.1 北海道 新冠町
60%
11.4 808.9 北海道 千歳市
60%
11.9 830.7 北海道 由仁町
60%
19.8 831.9 北海道 中札内村
60%
11.7 836.7 北海道 栗山町
60%
12.7 840.4 北海道 夕張市
60%
14.3 879.8 北海道 富良野市
60%
19.0 883.7 北海道 士幌町
60%
12.0 886.6 北海道 上砂川町
60%
23.7 889.6 北海道 白糠町
60%
12.2 891.8 北海道 歌志内市
60%
19.1 892.0 北海道 上士幌町
60%
12.2 895.9 北海道 赤平市
60%
11.3 902.3 北海道 雨竜町
60%
11.5 916.9 北海道 秩父別町
60%
14.3 920.7 北海道 東川町
60%
13.8 938.8 北海道 比布町
60%
28.0 943.1 北海道 浜中町
60%
13.2 953.3 北海道 和寒町
60%
20.4 969.0 北海道 北見市
60%
12.9 969.7 北海道 士別市
60%
26.9 972.8 北海道 別海町
60%
25.7 982.5 北海道 中標津町
60%
18.2 984.7 北海道 遠軽町
60%
19.4 987.4 北海道 佐呂間町
60%
13.7 987.9 北海道 下川町
60%
21.3 989.1 北海道 大空町
60%
15.1 997.7 北海道 西興部村
60%
26.1 999.1 北海道 標津町
60%
23.4 1006.2 北海道 斜里町
60%
16.8 1010.8 北海道 紋別市
60%
15.6 1016.9 北海道 興部町
60%
25.2 1036.4 北海道 羅臼町
60%
12.5 1055.1 北海道 枝幸町
60%
11.3 1070.9 北海道 浜頓別町
60%
23.6 59.4 茨城県 下妻市
40%
22.1 92.7 栃木県 益子町
40%
22.1 160.2 福島県 棚倉町
40%
26.0 172.7 福島県 古殿町
40%
20.4 179.8 福島県 玉川村
40%
24.8 195.1 福島県 小野町
40%
28.2 207.6 福島県 川内村
40%
16.8 211.1 福島県 本宮市
40%
22.4 238.8 福島県 飯舘村
40%
19.5 278.8 宮城県 柴田町
40%
20.5 324.3 宮城県 大郷町
40%
21.4 340.2 宮城県 涌谷町
40%
21.2 357.9 宮城県 登米市
40%
13.0 413.3 岩手県 西和賀町
40%
22.8 417.0 岩手県 住田町
40%
17.0 505.9 岩手県 葛巻町
40%
13.4 531.1 青森県 田子町
40%
14.7 543.7 青森県 南部町
40%
13.2 545.1 青森県 新郷村
40%
12.4 635.8 青森県 東通村
40%
14.6 793.2 北海道 平取町
40%
22.0 795.6 北海道 広尾町
40%
12.4 805.7 北海道 安平町
40%
21.2 816.0 北海道 大樹町
40%
11.3 830.2 北海道 長沼町
40%
18.8 851.5 北海道 芽室町
40%
17.7 857.2 北海道 清水町
40%
11.9 858.9 北海道 三笠市
40%
22.1 860.3 北海道 浦幌町
40%
17.3 863.1 北海道 新得町
40%
19.3 864.4 北海道 音更町
40%
20.7 865.5 北海道 池田町
40%
18.0 869.3 北海道 鹿追町
40%
11.3 877.9 北海道 浦臼町
40%
11.6 878.5 北海道 奈井江町
40%
11.4 891.8 北海道 新十津川町
40%
13.0 894.4 北海道 芦別市
40%
20.4 901.2 北海道 足寄町
40%
14.0 919.1 北海道 東神楽町
40%
11.3 920.7 北海道 沼田町
40%
24.0 925.9 北海道 鶴居村
40%
26.9 929.0 北海道 厚岸町
40%
20.7 930.2 北海道 陸別町
40%
13.3 932.8 北海道 鷹栖町
40%
14.0 934.4 北海道 当麻町
40%
12.0 946.7 北海道 幌加内町
40%
12.9 960.0 北海道 剣淵町
40%
21.3 963.4 北海道 津別町
40%
21.3 978.0 北海道 美幌町
40%
15.9 986.4 北海道 滝上町
40%
22.7 993.4 北海道 小清水町
40%
12.2 1001.2 北海道 美深町
40%
14.7 1025.0 北海道 雄武町
40%
22.3 166.6 福島県 浅川町
20%
18.2 170.7 福島県 泉崎村
20%
15.5 180.0 福島県 天栄村
20%
24.5 186.7 福島県 平田村
20%
32.9 210.8 福島県 楢葉町
20%
16.1 212.8 福島県 大玉村
20%
25.0 222.1 福島県 葛尾村
20%
19.8 232.9 福島県 川俣町
20%
12.9 802.6 北海道 厚真町
20%
20.2 828.7 北海道 更別村
20%
21.4 854.3 北海道 豊頃町
20%
20.3 860.4 北海道 幕別町
20%
21.0 890.7 北海道 本別町
20%
11.6 909.7 北海道 妹背牛町
20%
14.2 944.3 北海道 愛別町
20%
19.4 946.5 北海道 置戸町
20%
20.0 956.3 北海道 訓子府町
20%
18.2 995.3 北海道 湧別町
20%
23.3 995.9 北海道 清里町
20%
No matching quizzes found
Score Distribution
Percent of People with Each Score
Percentile by Number Answered
Your Score History
You have not taken this quiz